1851 1187 1814 1608 1072 1070 1648 1672 1945 1544 1067 1904 1731 1096 1548 1219 1560 1776 1423 1366 1090 1920 1444 1234 1376 1641 1901 1682 1348 1776 1329 1295 1401 1262 1455 1320 1064 1283 1830 1897 1297 1649 1083 1829 1109 1328 1600 1327 1694 1825 1216 1694 1383 1790 1496 1419 1224 1991 1398 1740 1424 1946 1691 1023 1861 1533 1992 1358 1204 1588 1835 1492 1074 1367 1301 1980 1175 1749 1197 1251 1620 1135 1010 1987 1642 1914 1582 1535 1889 1129 1010 1915 1033 1052 1436 1289 1087 1668 1919 BCNSPRNW ULIB Ver.6.0+V

เปลี่ยนเป็นภาษาไทย

Change to English
 แสดงรายละเอียดบรรณานุกรม
  กลับหน้าหลัก

Brief Record : Get Marc (ISO 2709) : E-mail record : QR code < ปิดหน้าต่าง
LEADER : 00000nam 2200000uu 4500
001    13399122716
003     ULIB
008    020711s2555 th a 000 0 tha d
020    9789742473723
050  4 DS520^bป533ร
100    ปัทมาพร คำโท
245    เราคืออาเซียน--ฟิลิปปินส์ /^cปัทมาพร คำโท
250    พิมพ์ครั้งที่ 4
260    กรุงเทพฯ :^bอมรินทร์คอมมิกส์,^c2555
300    53 หน้า
440  0 ชุด เราคืออาเซียน
650  7 ประชาคมอาเซียน
650  7 อาเซียน
650  7 ฟิลิปปินส์
945    ^p75^l0^i20155
999    ^aทศพร เกษรทอง
รายการนี้ยังไม่มีแท็ก
คุณยังไม่ได้ล็อกอิน คุณสามารถมีกิจกรรมร่วมกับเว็บไซต์ได้ แต่ต้องล็อกอินก่อน ::
  ล็อกอิน

รายการสื่อสารสนเทศ

ลำดับที่ ประเภท เลขเรียก/บาร์โค้ด สถานที่ สถานะ
1. การศึกษาทั่วไป
การศึกษาทั่วไป
DS520 ป533ร ฉ.1 
  Barcode: 20155
ห้องสมุดวิทยาเขตนครสวรรค์
►หนังสือทั่วไป:l:General Books
บนชั้น

รายการใกล้เคียง
    ผู้แต่ง [ปัทมาพร คำโท]

    หัวเรื่อง [ประชาคมอาเซียน]
    หัวเรื่อง [อาเซียน]
    หัวเรื่อง [ฟิลิปปินส์]

BibComment


ยังไม่เคยถูกคอมเมนท์

คอมเมนท์ทรัพยากรรายการนี้
  คอมเมนท์: เราคืออาเซียนฟิลิ..


 Copyright 2026. Bcnsprnw @Library